[Event "SC Rochade Emsdetten 2 - SF Beelen 1"]
[Site "Verbandsliga, Gr. 1 2022/2023"]
[Date "2022.10.22"]
[Round "2.1"]
[White "Hofene, Dieter"]
[Black "Gerighausen, Karl Heinz"]
[Result "0-1"]
[WhiteElo "1978"]
[BlackElo "1680"]
[PlyCount "56"]
[EventDate "2022.??.??"]
[SourceTitle "Verband Muensterland"]
[SourceDate "2022.09.23"]
[SourceVersion "1"]
[SourceVersionDate "2022.09.23"]
[SourceQuality "1"]
[WhiteTeam "SF Beelen 1"]
[BlackTeam "SC Rochade Emsdetten 2"]

1. d4 d5 2. Nc3 e6 3. e4 Nf6 4. Bg5 Be7 5. e5 Nfd7 6. h4 a6 7. Qg4 h5 8. Qg3 g6
9. Nh3 c5 10. dxc5 Nc6 11. O-O-O Qa5 12. Nf4 Nxc5 13. Bf6 Bxf6 14. exf6 Bd7 15.
Nfxd5 exd5 16. Nxd5 O-O-O 17. b4 Ne4 18. Qb3 Nxb4 19. Nxb4 Nxf2 20. Rd5 Qb6 21.
Qc3+ Kb8 22. Qg3+ Ka7 23. Rh2 Rhe8 24. Nd3 Ne4 25. Qf4 Nc3 26. Rd4 Bf5 27. Rxd8
Rxd8 28. Qf2 Nxa2+ 0-1

[Event "SC Rochade Emsdetten 2 - SF Beelen 1"]
[Site "Verbandsliga, Gr. 1 2022/2023"]
[Date "2022.10.22"]
[Round "2.2"]
[White "Noering, Andreas"]
[Black "Hanewinkel, Winfried"]
[Result "1/2-1/2"]
[WhiteElo "1795"]
[BlackElo "1864"]
[PlyCount "62"]
[EventDate "2022.??.??"]
[SourceTitle "Verband Muensterland"]
[SourceDate "2022.09.23"]
[SourceVersion "1"]
[SourceVersionDate "2022.09.23"]
[SourceQuality "1"]
[WhiteTeam "SC Rochade Emsdetten 2"]
[BlackTeam "SF Beelen 1"]

1. e4 c5 2. Nf3 Nc6 3. d4 cxd4 4. Nxd4 Nf6 5. Nc3 e5 6. Ndb5 d6 7. Nd5 Nxd5 8.
exd5 Nb8 9. c4 Be7 10. Bd3 O-O 11. O-O a6 12. Nc3 Nd7 13. Be3 f5 14. f3 Nf6 15.
Qc2 g6 16. Na4 Nd7 17. b4 b6 18. Rac1 Bg5 19. Qf2 Bxe3 20. Qxe3 Bb7 21. c5 bxc5
22. bxc5 Nxc5 23. Nxc5 dxc5 24. Rxc5 Qd6 25. Rfc1 Rac8 26. Rxc8 Rxc8 27. Rxc8+
Bxc8 28. Bc4 Kg7 29. Bb3 Kf6 30. h4 f4 31. Qa7 h5 1/2-1/2

[Event "SC Rochade Emsdetten 2 - SF Beelen 1"]
[Site "Verbandsliga, Gr. 1 2022/2023"]
[Date "2022.10.22"]
[Round "2.3"]
[White "Hanewinkel, Martin"]
[Black "Colmer, Willi"]
[Result "1-0"]
[WhiteElo "1853"]
[BlackElo "1761"]
[PlyCount "45"]
[EventDate "2022.??.??"]
[SourceTitle "Verband Muensterland"]
[SourceDate "2022.09.23"]
[SourceVersion "1"]
[SourceVersionDate "2022.09.23"]
[SourceQuality "1"]
[WhiteTeam "SF Beelen 1"]
[BlackTeam "SC Rochade Emsdetten 2"]

1. d4 Nf6 2. Nf3 g6 3. c3 Bg7 4. Bf4 d6 5. e3 O-O 6. Nbd2 Re8 7. Bc4 Nc6 8. e4
Nxe4 9. Bxf7+ Kxf7 10. Nxe4 Kg8 11. O-O d5 12. Ned2 e5 13. Nxe5 Bxe5 14. dxe5
Nxe5 15. Bxe5 Rxe5 16. Nc4 Rg5 17. Ne3 Be6 18. f4 Rh5 19. f5 Bxf5 20. Qxd5+
Qxd5 21. Nxd5 Kg7 22. Nxc7 Rd8 23. Rxf5 1-0

[Event "SC Rochade Emsdetten 2 - SF Beelen 1"]
[Site "Verbandsliga, Gr. 1 2022/2023"]
[Date "2022.10.22"]
[Round "2.4"]
[White "Schulte, Ralf"]
[Black "Hanewinkel, Christian"]
[Result "0-1"]
[WhiteElo "1769"]
[BlackElo "1809"]
[PlyCount "142"]
[EventDate "2022.??.??"]
[SourceTitle "Verband Muensterland"]
[SourceDate "2022.09.23"]
[SourceVersion "1"]
[SourceVersionDate "2022.09.23"]
[SourceQuality "1"]
[WhiteTeam "SC Rochade Emsdetten 2"]
[BlackTeam "SF Beelen 1"]

1. d4 Nf6 2. Nf3 g6 3. Bf4 Bg7 4. e3 d6 5. h3 Nbd7 6. c4 O-O 7. Nc3 Re8 8. Be2
a5 9. O-O Nb6 10. Rc1 a4 11. Qc2 Bd7 12. Rfd1 Qc8 13. Bf1 Bc6 14. Nd2 Nh5 15.
Bh2 Ra5 16. Nce4 Nf6 17. Be2 Bd7 18. Bf3 Nxe4 19. Nxe4 Bf5 20. Qd2 Qa8 21. Ng3
Be6 22. Bxb7 Qxb7 23. Qxa5 Bxc4 24. Qc3 c5 25. b3 cxd4 26. exd4 axb3 27. axb3
Bd5 28. f3 Bh6 29. Ra1 Rc8 30. Qb4 Be3+ 31. Kh1 Bxf3 32. d5 Bxd1 33. Rxd1 Qa8
34. Nf1 Bc5 35. Qg4 Rc7 36. Qf3 Qa3 37. Nd2 Qb2 38. Ne4 Bd4 39. Ng5 Bf6 40. Ne4
Bg7 41. Rf1 f5 42. Bg1 Nd7 43. Ng5 Rc3 44. Qd1 Qxb3 45. Qe2 Be5 46. Qa6 Qxd5
47. Qa4 Rg3 48. Nf3 Nf6 49. Bh2 Rxf3 50. Rxf3 Bxh2 51. Kxh2 Kg7 52. Re3 Ne4 53.
Qa7 Kf6 54. Ra3 Qe5+ 55. Kg1 Qc5+ 56. Qxc5 Nxc5 57. Kf2 e5 58. Ra7 h6 59. Ke3
d5 60. Rc7 d4+ 61. Ke2 Ne6 62. Rc6 e4 63. g3 g5 64. Ra6 f4 65. g4 d3+ 66. Kf2
e3+ 67. Kf3 Ke5 68. Ra5+ Kd4 69. Ra6 Nc5 70. Rd6+ Kc4 71. h4 e2 0-1

[Event "SC Rochade Emsdetten 2 - SF Beelen 1"]
[Site "Verbandsliga, Gr. 1 2022/2023"]
[Date "2022.10.22"]
[Round "2.5"]
[White "Austermann, Reinhold"]
[Black "Fuhrmann, Andreas"]
[Result "1/2-1/2"]
[WhiteElo "1794"]
[BlackElo "1640"]
[PlyCount "101"]
[EventDate "2022.??.??"]
[SourceTitle "Verband Muensterland"]
[SourceDate "2022.09.23"]
[SourceVersion "1"]
[SourceVersionDate "2022.09.23"]
[SourceQuality "1"]
[WhiteTeam "SF Beelen 1"]
[BlackTeam "SC Rochade Emsdetten 2"]

1. d4 d5 2. e3 Nf6 3. Bd3 c5 4. c3 Nc6 5. f4 cxd4 6. exd4 g6 7. Nf3 Bg7 8. O-O
O-O 9. Qe1 Qc7 10. Ne5 Ng4 11. Nd2 f6 12. Nxg4 Bxg4 13. f5 Bxf5 14. Bxf5 gxf5
15. Qe6+ Kh8 16. Qxd5 f4 17. Ne4 e5 18. dxe5 fxe5 19. Ng5 Qe7 20. Ne6 Rfe8 21.
Nxg7 Qxg7 22. b3 Rad8 23. Qe4 Rg8 24. Bb2 Rd2 25. Rf2 Rxf2 26. Kxf2 Rd8 27. Re1
Rd2+ 28. Re2 Rxe2+ 29. Kxe2 Qg4+ 30. Ke1 Qh4+ 31. Kd1 Qxh2 32. c4 Qg1+ 33. Ke2
Qe3+ 34. Qxe3 fxe3 35. Kxe3 Kg7 36. a3 Kf6 37. b4 Kf5 38. c5 a6 39. Bc3 h5 40.
a4 Ne7 41. Be1 Nd5+ 42. Kf3 e4+ 43. Kg3 Ke5 44. b5 axb5 45. axb5 Kd4 46. c6
bxc6 47. bxc6 Kc5 48. Kh4 Kxc6 49. Kxh5 Nf4+ 50. Kg4 Nxg2 51. Bf2 1/2-1/2

[Event "SC Rochade Emsdetten 2 - SF Beelen 1"]
[Site "Verbandsliga, Gr. 1 2022/2023"]
[Date "2022.10.22"]
[Round "2.6"]
[White "Hussein, Zaman"]
[Black "Beckmann, Frank"]
[Result "1-0"]
[WhiteElo "1674"]
[BlackElo "1715"]
[PlyCount "37"]
[EventDate "2022.??.??"]
[SourceTitle "Verband Muensterland"]
[SourceDate "2022.09.23"]
[SourceVersion "1"]
[SourceVersionDate "2022.09.23"]
[SourceQuality "1"]
[WhiteTeam "SC Rochade Emsdetten 2"]
[BlackTeam "SF Beelen 1"]

1. e4 e6 2. d4 d5 3. Nc3 dxe4 4. Nxe4 Nf6 5. Nxf6+ Qxf6 6. Nf3 h6 7. Bd3 Bd6 8.
O-O O-O 9. Re1 b6 10. Be4 c6 11. Ne5 Bxe5 12. dxe5 Qe7 13. Qf3 Bb7 14. Qg3 Kh8
15. Bf4 c5 16. Qh3 Bxe4 17. Rxe4 Kh7 18. Qd3 Rd8 19. Rd4+ 1-0

[Event "SC Rochade Emsdetten 2 - SF Beelen 1"]
[Site "Verbandsliga, Gr. 1 2022/2023"]
[Date "2022.10.22"]
[Round "2.7"]
[White "Hofene, Josef"]
[Black "Peters, Tobias"]
[Result "1/2-1/2"]
[WhiteElo "1750"]
[BlackElo "1612"]
[PlyCount "34"]
[EventDate "2022.??.??"]
[SourceTitle "Verband Muensterland"]
[SourceDate "2022.09.23"]
[SourceVersion "1"]
[SourceVersionDate "2022.09.23"]
[SourceQuality "1"]
[WhiteTeam "SF Beelen 1"]
[BlackTeam "SC Rochade Emsdetten 2"]

1. e4 c5 2. Nf3 d6 3. d4 cxd4 4. Nxd4 Nf6 5. Nc3 g6 6. f3 Bg7 7. Bc4 O-O 8. Be3
Nc6 9. Qd2 Nxd4 10. Bxd4 Be6 11. Bxe6 fxe6 12. Rd1 Qa5 13. O-O Rac8 14. a3 Nd7
15. Bxg7 Kxg7 16. Qd4+ Kg8 17. Rf2 Qb6 1/2-1/2

[Event "SC Rochade Emsdetten 2 - SF Beelen 1"]
[Site "Verbandsliga, Gr. 1 2022/2023"]
[Date "2022.10.22"]
[Round "2.8"]
[White "Siebald, Jorrg"]
[Black "Schemmann, Bernhard"]
[Result "0-1"]
[WhiteElo "1727"]
[BlackElo "1837"]
[PlyCount "60"]
[EventDate "2022.??.??"]
[SourceTitle "Verband Muensterland"]
[SourceDate "2022.09.23"]
[SourceVersion "1"]
[SourceVersionDate "2022.09.23"]
[SourceQuality "1"]
[WhiteTeam "SC Rochade Emsdetten 2"]
[BlackTeam "SF Beelen 1"]

1. e4 c6 2. d3 d5 3. Nd2 e5 4. Ngf3 Bd6 5. g3 Nf6 6. Bg2 O-O 7. O-O Qc7 8. Nh4
Re8 9. Nf5 Bf8 10. Nf3 dxe4 11. dxe4 Nxe4 12. N3h4 Nd6 13. Ne3 Nd7 14. b3 Nc5
15. Bb2 f6 16. Qe2 Be6 17. Rfe1 b5 18. Ba3 Ncb7 19. c4 bxc4 20. bxc4 Na5 21. c5
Ndc4 22. Bb4 Nxe3 23. Qxe3 Nc4 24. Qe4 a5 25. Bc3 Bd5 26. Qc2 Bxc5 27. Nf3 Na3
28. Qa4 Bb3 29. Bxa5 Qa7 30. Qxc6 Bxf2+ 0-1

[Event "SK Königsspringer Nordwalde 1 - Schach"]
[Site "Verbandsliga, Gr. 1 2022/2023"]
[Date "2022.10.22"]
[Round "2.1"]
[White "Melkert, Tim"]
[Black "Sandmann, Matthias"]
[Result "1-0"]
[WhiteElo "1890"]
[BlackElo "1777"]
[PlyCount "49"]
[EventDate "2022.??.??"]
[SourceTitle "Verband Muensterland"]
[SourceDate "2022.09.23"]
[SourceVersion "1"]
[SourceVersionDate "2022.09.23"]
[SourceQuality "1"]
[WhiteTeam "Schach Nienberge 2"]
[BlackTeam "SK Königsspringer Nordwalde 1"]

1. e4 e5 2. Nf3 d6 3. d4 exd4 4. Nxd4 Nf6 5. Nc3 Qe7 6. Bg5 h6 7. Bxf6 Qxf6 8.
Nd5 Qd8 9. c4 Nc6 10. Nb5 Be6 11. Ndxc7+ Kd7 12. Nxa8 Qxa8 13. c5 a6 14. Nxd6
Bxd6 15. cxd6 Qd8 16. Qd2 Qh4 17. Be2 Qxe4 18. O-O Nd4 19. Rfe1 Bd5 20. Bb5+
Nxb5 21. Rxe4 Bxe4 22. Re1 Re8 23. f3 Bc6 24. Rxe8 Kxe8 25. a4 1-0

[Event "SK Königsspringer Nordwalde 1 - Schach"]
[Site "Verbandsliga, Gr. 1 2022/2023"]
[Date "2022.10.22"]
[Round "2.2"]
[White "Lerke, Bernd"]
[Black "Althoff, Franz"]
[Result "1/2-1/2"]
[WhiteElo "1932"]
[BlackElo "1969"]
[PlyCount "63"]
[EventDate "2022.??.??"]
[SourceTitle "Verband Muensterland"]
[SourceDate "2022.09.23"]
[SourceVersion "1"]
[SourceVersionDate "2022.09.23"]
[SourceQuality "1"]
[WhiteTeam "SK Königsspringer Nordwalde 1"]
[BlackTeam "Schach Nienberge 2"]

1. Nf3 Nf6 2. d4 e6 3. Bg5 c5 4. Nc3 d5 5. e3 Nc6 6. Be2 Bd6 7. O-O O-O 8. Nb5
Be7 9. c4 dxc4 10. dxc5 Qa5 11. Bxc4 a6 12. Nbd4 Qxc5 13. Nxc6 Qxc6 14. Rc1 Qb6
15. Qe2 Bd7 16. Ne5 Be8 17. Rfd1 Rd8 18. Rxd8 Qxd8 19. e4 Nd7 20. Bxe7 Qxe7 21.
Nxd7 Bxd7 22. Qe3 h6 23. h3 Qb4 24. Qb3 Qxb3 25. Bxb3 Bc6 26. e5 Rd8 27. Rd1
Rxd1+ 28. Bxd1 a5 29. f4 Kf8 30. Kf2 Ke7 31. g3 Kd8 32. Ke3 1/2-1/2

[Event "SK Königsspringer Nordwalde 1 - Schach"]
[Site "Verbandsliga, Gr. 1 2022/2023"]
[Date "2022.10.22"]
[Round "2.3"]
[White "Van de Vyle, Jan"]
[Black "Kasubke, Manfred"]
[Result "1/2-1/2"]
[WhiteElo "1761"]
[BlackElo "1877"]
[PlyCount "115"]
[EventDate "2022.??.??"]
[SourceTitle "Verband Muensterland"]
[SourceDate "2022.09.23"]
[SourceVersion "1"]
[SourceVersionDate "2022.09.23"]
[SourceQuality "1"]
[WhiteTeam "Schach Nienberge 2"]
[BlackTeam "SK Königsspringer Nordwalde 1"]

1. e4 Nf6 2. e5 Nd5 3. d4 d6 4. c4 Nb6 5. exd6 exd6 6. Be3 Be7 7. Nf3 Bg4 8.
Nbd2 N8d7 9. Be2 O-O 10. O-O Rc8 11. Rc1 c5 12. d5 Bf6 13. b3 Re8 14. Bd3 Ne5
15. Bc2 Nbd7 16. h3 Bh5 17. g4 Bg6 18. Bxg6 Nxg6 19. g5 Rxe3 20. fxe3 Bxg5 21.
Re1 Nde5 22. Nxe5 Nxe5 23. Nf3 Qf6 24. Nxe5 Qxe5 25. Qf3 Re8 26. Kg2 Bxe3 27.
Rc2 f5 28. Rce2 f4 29. Qg4 g6 30. Rf1 g5 31. Rfe1 Kg7 32. Qd7+ Re7 33. Qg4 h6
34. Rf1 Kg6 35. h4 Qf5 36. Qxf5+ Kxf5 37. hxg5 hxg5 38. Rh1 g4 39. Kf1 f3 40.
Re1 Kf4 41. Rh6 Kg3 42. Rh8 Re5 43. Rh7 a5 44. Rh8 Kf4 45. Rf8+ Kg3 46. Rh8 Re4
47. Rh7 f2 48. Re2 Kf3 49. Rf7+ Rf4 50. Rxf4+ Kxf4 51. Kg2 Ke4 52. Rb2 Kd3 53.
Kf1 Bd4 54. Re2 a4 55. Re7 a3 56. Rxb7 g3 57. Re7 Be5 58. Ra7 1/2-1/2

[Event "SK Königsspringer Nordwalde 1 - Schach"]
[Site "Verbandsliga, Gr. 1 2022/2023"]
[Date "2022.10.22"]
[Round "2.4"]
[White "Keller, Hansjuergen"]
[Black "Hagemann, Lars"]
[Result "1/2-1/2"]
[WhiteElo "1639"]
[BlackElo "1702"]
[PlyCount "59"]
[EventDate "2022.??.??"]
[SourceTitle "Verband Muensterland"]
[SourceDate "2022.09.23"]
[SourceVersion "1"]
[SourceVersionDate "2022.09.23"]
[SourceQuality "1"]
[WhiteTeam "SK Königsspringer Nordwalde 1"]
[BlackTeam "Schach Nienberge 2"]

1. d4 Nf6 2. Nf3 d5 3. g3 e6 4. Bg2 c5 5. O-O Nbd7 6. c4 Be7 7. cxd5 exd5 8.
Nc3 O-O 9. Re1 b6 10. dxc5 Nxc5 11. Be3 Bb7 12. Nd4 g6 13. Nb3 Ne6 14. Nb5 Ng4
15. Bd4 Nxd4 16. N5xd4 Nf6 17. Rc1 Qd7 18. e3 Ne4 19. Re2 Rfc8 20. Rec2 Rxc2
21. Rxc2 Rc8 22. Qc1 Rxc2 23. Qxc2 Qc8 24. Bf1 Bf6 25. Qxc8+ Bxc8 26. f3 Nd6
27. Nd2 Bxd4 28. exd4 Nf5 29. Nb3 h5 30. Kf2 1/2-1/2

[Event "SK Königsspringer Nordwalde 1 - Schach"]
[Site "Verbandsliga, Gr. 1 2022/2023"]
[Date "2022.10.22"]
[Round "2.5"]
[White "Nuerenberg, Bernd"]
[Black "Szych, Lothar"]
[Result "1-0"]
[WhiteElo "1706"]
[BlackElo "1508"]
[PlyCount "73"]
[EventDate "2022.??.??"]
[SourceTitle "Verband Muensterland"]
[SourceDate "2022.09.23"]
[SourceVersion "1"]
[SourceVersionDate "2022.09.23"]
[SourceQuality "1"]
[WhiteTeam "Schach Nienberge 2"]
[BlackTeam "SK Königsspringer Nordwalde 1"]

1. d4 d5 2. c4 e6 3. Nc3 Nf6 4. Bg5 Be7 5. Nf3 h6 6. Bh4 dxc4 7. e3 O-O 8. Bxc4
c6 9. Rc1 Nd5 10. Bxe7 Qxe7 11. a3 Nd7 12. O-O N7f6 13. Qc2 Re8 14. Ba2 g6 15.
Bb1 Nd7 16. Ne2 Kg7 17. e4 Nc7 18. e5 Nd5 19. h4 h5 20. Ng3 Nf8 21. Ne4 f5 22.
Nd6 Rd8 23. Ng5 Nh7 24. f4 Ne3 25. Qc5 Qd7 26. Rf3 Nd5 27. Ba2 Nxg5 28. hxg5
Kh7 29. Bxd5 exd5 30. Rb3 Qc7 31. Rcc3 a6 32. Rb6 Rb8 33. Rcb3 Qe7 34. Rxa6
bxa6 35. Rxb8 Bd7 36. Rb7 Kg8 37. Qa7 1-0

[Event "SK Königsspringer Nordwalde 1 - Schach"]
[Site "Verbandsliga, Gr. 1 2022/2023"]
[Date "2022.10.22"]
[Round "2.6"]
[White "Schmalbrock, Andreas"]
[Black "Scharlow, Siegmar"]
[Result "0-1"]
[WhiteElo "1461"]
[BlackElo "1681"]
[PlyCount "78"]
[EventDate "2022.??.??"]
[SourceTitle "Verband Muensterland"]
[SourceDate "2022.09.23"]
[SourceVersion "1"]
[SourceVersionDate "2022.09.23"]
[SourceQuality "1"]
[WhiteTeam "SK Königsspringer Nordwalde 1"]
[BlackTeam "Schach Nienberge 2"]

1. e4 c5 2. Nc3 Nc6 3. Bc4 Nf6 4. Nf3 g6 5. e5 Ng4 6. Bxf7+ Kxf7 7. Ng5+ Ke8 8.
Qxg4 Nxe5 9. Qf4 Bg7 10. O-O d5 11. d3 h6 12. Nf3 Rf8 13. Qg3 Nxf3+ 14. gxf3
Bf5 15. Re1 a6 16. Qh4 e6 17. Qxd8+ Kxd8 18. Na4 Rc8 19. Bf4 b5 20. Nc3 Bh3 21.
Be5 Bxe5 22. Rxe5 Rxf3 23. Rae1 Kd7 24. R1e3 Rcf8 25. Rxf3 Rxf3 26. Re3 Bg4 27.
Re1 Rf5 28. Ne2 Re5 29. Kf1 Bh3+ 30. Kg1 Bg4 31. Kf1 h5 32. Nf4 Rxe1+ 33. Kxe1
g5 34. Ng6 Kd6 35. Kd2 e5 36. Nh8 Ke6 37. Ng6 Kf6 38. Nf8 Kg7 39. f3 Bc8 0-1

[Event "SK Königsspringer Nordwalde 1 - Schach"]
[Site "Verbandsliga, Gr. 1 2022/2023"]
[Date "2022.10.22"]
[Round "2.7"]
[White "Rath, Josef"]
[Black "Steens, Rudolf"]
[Result "1/2-1/2"]
[WhiteElo "1740"]
[BlackElo "1777"]
[PlyCount "82"]
[EventDate "2022.??.??"]
[SourceTitle "Verband Muensterland"]
[SourceDate "2022.09.23"]
[SourceVersion "1"]
[SourceVersionDate "2022.09.23"]
[SourceQuality "1"]
[WhiteTeam "Schach Nienberge 2"]
[BlackTeam "SK Königsspringer Nordwalde 1"]

1. d4 d5 2. c4 c6 3. Nc3 Nf6 4. Nf3 e6 5. Bg5 Be7 6. e3 Nbd7 7. Bd3 dxc4 8.
Bxc4 b5 9. Bd3 b4 10. Na4 Nd5 11. Bxe7 Qxe7 12. Rc1 Bb7 13. O-O O-O 14. Qd2
Rac8 15. e4 N5b6 16. Nc5 Nxc5 17. Qxb4 Rfd8 18. Rfd1 Rc7 19. Qxc5 Qxc5 20. Rxc5
Nd7 21. Rc3 c5 22. Rdc1 Nf6 23. dxc5 Nxe4 24. Bxe4 Bxe4 25. b4 Bc6 26. Ne5 Bb5
27. Nc4 Rd5 28. Nd6 a6 29. f3 Kf8 30. Nxb5 axb5 31. c6 Ke7 32. Rc5 Kd6 33. Kf1
Rxc5 34. Rxc5 Rxc6 35. Rxb5 Rc1+ 36. Ke2 Rc2+ 37. Ke3 Rxa2 38. g4 Rxh2 39. Rb7
h5 40. Rxf7 hxg4 41. fxg4 Rb2 1/2-1/2

[Event "SK Königsspringer Nordwalde 1 - Schach"]
[Site "Verbandsliga, Gr. 1 2022/2023"]
[Date "2022.10.22"]
[Round "2.8"]
[White "Blomqvist, Pontus"]
[Black "Bartelheimer, Maik"]
[Result "1-0"]
[WhiteElo "1361"]
[BlackElo "1634"]
[PlyCount "69"]
[EventDate "2022.??.??"]
[SourceTitle "Verband Muensterland"]
[SourceDate "2022.09.23"]
[SourceVersion "1"]
[SourceVersionDate "2022.09.23"]
[SourceQuality "1"]
[WhiteTeam "SK Königsspringer Nordwalde 1"]
[BlackTeam "Schach Nienberge 2"]

1. e4 d5 2. exd5 Nf6 3. Nc3 Nxd5 4. Bc4 Nb6 5. Bb3 Nc6 6. d3 Bf5 7. Nf3 e6 8.
Bf4 Bd6 9. Bxd6 Qxd6 10. O-O O-O-O 11. Re1 h6 12. Ne4 Qd7 13. Qe2 g5 14. Ng3 h5
15. Nxg5 h4 16. Nxf5 exf5 17. Nxf7 Nd4 18. Qe7 Qc6 19. Be6+ Nd7 20. Nxd8 Rxd8
21. Bxd7+ Rxd7 22. Qe8+ Rd8 23. Qxc6 bxc6 24. Rac1 Rg8 25. Re3 h3 26. g3 f4 27.
Re4 Nf3+ 28. Kh1 fxg3 29. fxg3 Nd2 30. Rh4 Rf8 31. Rxh3 Rf2 32. Kg1 Re2 33.
Rh8+ Kb7 34. Rf8 Re3 35. Kf2 1-0

[Event "SC Klein-Berlin Rheine 2 - SV Ibbenbür"]
[Site "Verbandsliga, Gr. 1 2022/2023"]
[Date "2022.10.22"]
[Round "2.1"]
[White "Voskuhl, Jens"]
[Black "Tukmans, Maigonis"]
[Result "1-0"]
[WhiteElo "1899"]
[BlackElo "1951"]
[PlyCount "89"]
[EventDate "2022.??.??"]
[SourceTitle "Verband Muensterland"]
[SourceDate "2022.09.23"]
[SourceVersion "1"]
[SourceVersionDate "2022.09.23"]
[SourceQuality "1"]
[WhiteTeam "SV Ibbenbüren 1"]
[BlackTeam "SC Klein-Berlin Rheine 2"]

1. d4 d5 2. Nf3 Nf6 3. Bf4 c5 4. e3 Qb6 5. Qc1 Nc6 6. c3 Bg4 7. Nbd2 Rc8 8. Bd3
e6 9. O-O Be7 10. dxc5 Bxc5 11. Nb3 Be7 12. Ne5 Bh5 13. Qd2 O-O 14. Rac1 Rfd8
15. Nd4 Nd7 16. Ndxc6 bxc6 17. Nxd7 Rxd7 18. c4 Bf6 19. cxd5 Rxd5 20. Qc2 Qxb2
21. Bxh7+ Kh8 22. Be4 Rd2 23. Qxb2 Bxb2 24. Rxc6 Rxc6 25. Bxc6 e5 26. Bg3 Be2
27. Re1 Bc4 28. a4 Kg8 29. f4 Rd6 30. Bf3 exf4 31. Bxf4 Ra6 32. Rb1 Ba3 33.
Rb8+ Kh7 34. Be4+ g6 35. Be5 f6 36. Rb7+ Kg8 37. Bd4 f5 38. Bc2 Bd5 39. Rxa7
Rc6 40. Bd3 Rc1+ 41. Kf2 Bb4 42. Rg7+ Kf8 43. Rxg6 Be1+ 44. Ke2 Bb3 45. Bxf5
1-0

[Event "SC Klein-Berlin Rheine 2 - SV Ibbenbür"]
[Site "Verbandsliga, Gr. 1 2022/2023"]
[Date "2022.10.22"]
[Round "2.2"]
[White "Hauk, Viktor"]
[Black "Welp, Michael"]
[Result "1/2-1/2"]
[WhiteElo "1885"]
[BlackElo "1914"]
[PlyCount "79"]
[EventDate "2022.??.??"]
[SourceTitle "Verband Muensterland"]
[SourceDate "2022.09.23"]
[SourceVersion "1"]
[SourceVersionDate "2022.09.23"]
[SourceQuality "1"]
[WhiteTeam "SC Klein-Berlin Rheine 2"]
[BlackTeam "SV Ibbenbüren 1"]

1. d4 Nf6 2. Nf3 e6 3. Bg5 h6 4. Bh4 b6 5. e3 Bb7 6. Nbd2 Be7 7. c3 Ne4 8. Bxe7
Qxe7 9. Bd3 Nxd2 10. Qxd2 d6 11. O-O-O Nd7 12. e4 O-O-O 13. Rhe1 Rhe8 14. Bb5
c6 15. Bd3 e5 16. Kb1 Kb8 17. Qc2 Nf6 18. h3 Bc8 19. Qa4 Qc7 20. c4 Nh5 21. c5
dxc5 22. Nxe5 b5 23. Nxc6+ Qxc6 24. Bxb5 Qe6 25. d5 Qe5 26. d6 Re6 27. Rd5 Qxd5
28. exd5 Rxe1+ 29. Kc2 Rxd6 30. Bc6 Rxc6 31. Qxc6 Nf6 32. Qd6+ Kb7 33. Qc6+ Kb8
34. Qd6+ Ka8 35. Qc7 Bf5+ 36. Kd2 Rb1 37. Qc6+ Kb8 38. Qb5+ Ka8 39. Qc6+ Kb8
40. Qb5+ 1/2-1/2

[Event "SC Klein-Berlin Rheine 2 - SV Ibbenbür"]
[Site "Verbandsliga, Gr. 1 2022/2023"]
[Date "2022.10.22"]
[Round "2.3"]
[White "Kellmann, Dominik"]
[Black "Hemmert, Michael"]
[Result "1-0"]
[WhiteElo "1712"]
[BlackElo "1765"]
[PlyCount "77"]
[EventDate "2022.??.??"]
[SourceTitle "Verband Muensterland"]
[SourceDate "2022.09.23"]
[SourceVersion "1"]
[SourceVersionDate "2022.09.23"]
[SourceQuality "1"]
[WhiteTeam "SV Ibbenbüren 1"]
[BlackTeam "SC Klein-Berlin Rheine 2"]

1. e4 g6 2. d4 Bg7 3. Bg5 d6 4. Nc3 Nf6 5. Bc4 O-O 6. e5 Ne8 7. f4 c6 8. Qf3 d5
9. Bd3 f6 10. exf6 exf6 11. Bh4 Nd6 12. Nge2 Bf5 13. g4 Bxd3 14. Qxd3 Na6 15.
O-O-O b5 16. f5 Nb4 17. Qf3 g5 18. Bg3 Re8 19. h4 Bh6 20. hxg5 Bxg5+ 21. Bf4
Nf7 22. Qh3 Nxa2+ 23. Nxa2 Rxe2 24. Qxh7+ Kf8 25. Bxg5 fxg5 26. Nc3 Rg2 27. Qg6
b4 28. Rh7 Qe7 29. Qxc6 Re8 30. Nxd5 Qe4 31. Rxf7+ Kxf7 32. Qf6+ Kg8 33. Qxg5+
Kf8 34. Qf6+ Kg8 35. Qc6 Kg7 36. f6+ Kf8 37. f7 Rd8 38. Qh6+ Kxf7 39. Rf1+ 1-0

[Event "SC Klein-Berlin Rheine 2 - SV Ibbenbür"]
[Site "Verbandsliga, Gr. 1 2022/2023"]
[Date "2022.10.22"]
[Round "2.4"]
[White "Horstmann, Michael"]
[Black "Klausmeier, Achim"]
[Result "1/2-1/2"]
[WhiteElo "1729"]
[BlackElo "1633"]
[PlyCount "41"]
[EventDate "2022.??.??"]
[SourceTitle "Verband Muensterland"]
[SourceDate "2022.09.23"]
[SourceVersion "1"]
[SourceVersionDate "2022.09.23"]
[SourceQuality "1"]
[WhiteTeam "SC Klein-Berlin Rheine 2"]
[BlackTeam "SV Ibbenbüren 1"]

1. c4 Nf6 2. g3 e6 3. Bg2 d5 4. Nf3 Nbd7 5. O-O c6 6. b3 Be7 7. Bb2 O-O 8. d3
Re8 9. Nc3 Nf8 10. Ne5 Ng6 11. Nxg6 hxg6 12. e4 d4 13. Ne2 e5 14. h3 Nh7 15. f4
f6 16. Kh2 Bd6 17. Bc1 c5 18. Bd2 Be6 19. Rb1 a5 20. Ng1 Qc7 21. Qc1 1/2-1/2

[Event "SC Klein-Berlin Rheine 2 - SV Ibbenbür"]
[Site "Verbandsliga, Gr. 1 2022/2023"]
[Date "2022.10.22"]
[Round "2.5"]
[White "Sivakumaran, Methunraj"]
[Black "Miethe, Christoph"]
[Result "1-0"]
[WhiteElo "1559"]
[BlackElo "1731"]
[PlyCount "75"]
[EventDate "2022.??.??"]
[SourceTitle "Verband Muensterland"]
[SourceDate "2022.09.23"]
[SourceVersion "1"]
[SourceVersionDate "2022.09.23"]
[SourceQuality "1"]
[WhiteTeam "SV Ibbenbüren 1"]
[BlackTeam "SC Klein-Berlin Rheine 2"]

1. e4 e5 2. Nf3 d6 3. d4 exd4 4. Nxd4 Nf6 5. Nc3 Be7 6. f3 O-O 7. Bc4 Nc6 8.
Be3 Na5 9. Be2 a6 10. g4 c5 11. Nf5 Be6 12. g5 Ne8 13. Qd2 b5 14. h4 Nc4 15.
Bxc4 bxc4 16. Nd5 Bxd5 17. Qxd5 Rb8 18. b3 cxb3 19. axb3 g6 20. Nh6+ Kg7 21.
Ng4 f5 22. Nh6 f4 23. Bd2 Bf6 24. gxf6+ Qxf6 25. e5 dxe5 26. Ng4 Qd6 27. Qxe5+
Qxe5+ 28. Nxe5 Nc7 29. Nd3 Ne6 30. Bc3+ Kh6 31. Rxa6 c4 32. Ne5 Nc5 33. Ra7
Rfe8 34. Kf2 Rxe5 35. Bxe5 cxb3 36. Bxf4+ g5 37. hxg5+ Kg6 38. Rh6+ 1-0